Movies by Picture - R - Statistics

General Stats
  • This quiz has been taken 552 times
  • The average score is 10 of 16
Answer Stats
Picture Answer % Correct
Rocky
94%
Rambo: First Blood Part II
88%
Raiders of the Lost Ark
83%
Robocop
82%
The Revenant
71%
The Ring
71%
Rush Hour
65%
Rocketman
63%
Rain Man
57%
Reservoir Dogs
57%
Ready Player One
56%
Rogue One: A Star Wars Story
50%
Roman Holiday
35%
Resident Evil: Afterlife
31%
The Red Shoes
27%
The Rock
22%
No matching quizzes found
Score Distribution
Percent of People with Each Score
Percentile by Number Answered
Your Score History
You have not taken this quiz